000 00497nam a2200157Ia 4500
008 240729s9999 xx 000 0 und d
022 _a2655-9927
245 0 _aJurnal Riset Biologi dan Aplikasinya
260 _aIndonesia
260 _bDepartment of Biology, Faculty of Mathematics and Natural Sciences, Universitas Negeri Surabaya
650 _a Biology (General)
650 _aScience
856 _uhttps://doaj.org/toc/194249c151eb4382a6935325608d9fe0
942 _2ddc
942 _cDOAJEJ
999 _c65962
_d65962
945 _a1
_bMadushi Gamage
_c1
_dMadushi Gamage